00441nam a22001577a 4500003000400000082001800004100001100022245002600033260004400059300000800103650001900111653001900130942001200149952010500161999001700266SGT a617.692bS21M aMahima aShort Dental Implants aGurugram, HaryanabSGT Universityc2021 a110 aProsthodontics aProsthodontics 2ddccTH 00102ddc405171aFDbFDd2022-12-23l0o617.692 S21MpDT1431r2022-12-23 00:00:00w2022-12-23yTH c23652d23652